| 000 | 01523nam a22003017a 4500 | ||
|---|---|---|---|
| 001 | 121763 | ||
| 008 | 240104t2023 xxk||||| |||| 00| 0 eng d | ||
| 020 | _a9781783215164 | ||
| 041 | _aeng | ||
| 100 | _aSellars, Nigel | ||
| 110 | _aRoyal Institution of Chartered Surveyors | ||
| 245 |
_aValuation approach for properties in multi-storey, multi-occupancy residential buildings with cladding, _bRICS professional standard, England and Wales _cEffective from 1 January 2024 _h[Electronic] |
||
| 250 | _a2nd | ||
| 260 |
_aLondon, _bRoyal Institution of Chartered Surveyors, _cDecember 2023 |
||
| 300 | _a34p | ||
| 490 | _aRICS professional standard | ||
| 500 | _aSupersedes 1st edtion ISBN 9781783214921 | ||
| 500 | _a2nd edition adds Wales, previous edition was only applicable to England. | ||
| 520 | _aThis document is intended to help valuers undertaking valuations for secured lending purposes on domestic residential flats, within residential blocks of 5 or more storeys or 11 metres or more tall. In accordance with the remediation schemes and qualifying lease protections, applicable to England and Wales only. | ||
| 650 | _aCladding | ||
| 650 | _aValuation | ||
| 651 | _aEngland | ||
| 651 | _aWales | ||
| 690 |
_96273 _aValuation |
||
| 690 |
_96308 _aCladding |
||
| 856 |
_uhttps://www.rics.org/profession-standards/rics-standards-and-guidance/sector-standards/valuation-standards/valuation-approach-for-properties-in-residential-buildings-with- _zAvailable free on RICS.org |
||
| 942 | _n0 | ||
| 999 |
_c121763 _d121763 |
||